000 00356nam a2200157 a 4500
003 DLC
005 20210219152747.0
022 _a0315-9388
035 _aUPN01000060183
245 0 0 _aEDUCATIONAL PLANNING
260 _aEUA :
260 _bInternational Society for Educational Planning
310 _aTrimestral
905 _aRevista
999 _c60012
_d60012